LEADER 00766nam a2200205 i 4500 001 000000222161 003 CaOOAMICUS 005 20130903000000.0 008 130903s1828 it u000 u ita u 013 $a201058 026 $alala len- diro soom (3) 1828 (R) 040 $aSeMil$bita 245 10$aMetafisica. 300 $a202, [2] p. 773 0 $aBaroli, Pietro$tInstituzioni di filosofia teoretica e morale del D.r Pietro Baroli professore di filosofia nell'I. R. Liceo di Como.$dComo : Co' torchi di C. Pietro Ostinelli, 1828.$g3$w()966 850 $aSeMil 852 $aSeMil$W1$xVenegono$y1$m2Q II 36 FA$j172507$B172507$CSeMilBibl$Z2$F182890 $8I 941 1 $a10 961 $aRecupero: Mantegazza 996 $6245$aMetafisica$9(OLS)http://semarc/title/10405 LEADER 00591naa a2200157 i 4500 001 000000301644 003 CaOOAMICUS 005 20180831172726.0 008 180831n xx u000 u und u 013 $a9378 040 $aSeMil$bita 100 1 $aGianturco, Emma.$0(OLS)http://semarc/name/86591 245 13$aIl teatro di Seneca dall'antichità a noi. 650 4$aSeneca, Lucio Anneo <4 a.C.-65 d.C.>.$0(OLS)http://semarc/subject/3314 773 0 $tEtica, Estetica, Teatro, Onoranze a Niccolò Copernico.$w()35550 996 $6245$aIl teatro di Seneca dall'antichità a noi$9(OLS)http://semarc/title/377638